Pokédex en images : Platine - Statistiques

Statistiques générales
  • Ce quiz a été pris 45 fois
  • Le résultat moyen est 181 sur 210
Statistiques - réponses
Par images Réponse % Correct
Abra
100%
Alakazam
100%
Gravalanch
100%
Grolem
100%
Léviator
100%
Luxray
100%
Machoc
100%
Machopeur
100%
Magicarpe
100%
Mélo
100%
Nosferapti
100%
Onix
100%
Ouisticram
100%
Pingoléon
100%
Prinplouf
100%
Racaillou
100%
Simiabraz
100%
Tiplouf
100%
Torterra
100%
Tortipouss
100%
Apireine
97%
Ectoplasma
97%
Étourmi
97%
Étourvol
97%
Fantominus
97%
Kadabra
97%
Lixy
97%
Luxio
97%
Mackogneur
97%
Nosferalto
97%
Nostenfer
97%
Psykokwak
97%
Rosélia
97%
Roserade
97%
Steelix
97%
Akwakwak
93%
Apitrini
93%
Armulys
93%
Boskara
93%
Capumain
93%
Cheniti
93%
Étouraptor
93%
Feuforêve
93%
Galopa
93%
Lucario
93%
Mélofée
93%
M.Mime
93%
Pichu
93%
Pikachu
93%
Ponyta
93%
Raichu
93%
Ronflex
93%
Spectrum
93%
Spiritomb
93%
Absol
90%
Aquali
90%
Baudrive
90%
Carchacrok
90%
Castorno
90%
Ceribou
90%
Chaglam
90%
Chenipotte
90%
Chimpenfeu
90%
Corboss
90%
Dialga
90%
Dinoclier
90%
Élektek
90%
Évoli
90%
Gallame
90%
Gardevoir
90%
Givrali
90%
Insécateur
90%
Leveinard
90%
Magirêve
90%
Magmar
90%
Magnéti
90%
Magnéton
90%
Magnézone
90%
Méditikka
90%
Mélodelfe
90%
Mustéflott
90%
Noctali
90%
Pachirisu
90%
Palkia
90%
Phyllali
90%
Pijako
90%
Poissirène
90%
Pyroli
90%
Riolu
90%
Rozbouton
90%
Tentacool
90%
Tentacruel
90%
Voltali
90%
Zarbi
90%
Azumarill
87%
Blizzaroi
87%
Cheniselle
87%
Cornèbre
87%
Démolosse
87%
Farfuret
87%
Giratina
87%
Grodrive
87%
Keunotor
87%
Laporeille
87%
Marill
87%
Mélokrik
87%
Mentali
87%
Mime Jr.
87%
Moufouette
87%
Mustébouée
87%
Poissoroy
87%
Porygon
87%
Scarhino
87%
Scorvol
87%
Simularbre
87%
Tarsal
87%
Togepi
87%
Axoloto
83%
Azurill
83%
Blindalys
83%
Blizzi
83%
Capidextre
83%
Carmache
83%
Chaffreux
83%
Charmillon
83%
Dimoret
83%
Élekable
83%
Excelangue
83%
Girafarig
83%
Hoothoot
83%
Kirlia
83%
Kranidos
83%
Lockpin
83%
Magby
83%
Mammochon
83%
Moufflair
83%
Noarfang
83%
Papinox
83%
Porygon2
83%
Ptiravi
83%
Rhinocorne
83%
Rhinoféros
83%
Tarinor
83%
Togekiss
83%
Yanméga
83%
Archéodong
80%
Archéomire
80%
Barbicha
80%
Barloche
80%
Barpau
80%
Bastiodon
80%
Charmina
80%
Coudlangue
80%
Cradopaud
80%
Créfadet
80%
Créfollet
80%
Crikzik
80%
Élekid
80%
Goélise
80%
Griknot
80%
Manaphy
80%
Maraiste
80%
Marcacrin
80%
Milobellus
80%
Motisma
80%
Porygon-Z
80%
Sancoki
80%
Scorplane
80%
Skelénox
80%
Stalgamin
80%
Tarinorme
80%
Togetic
80%
Tropius
80%
Yanma
80%
Altaria
77%
Bekipan
77%
Bouldeneu
77%
Ceriflor
77%
Cizayox
77%
Coatox
77%
Créhelf
77%
Éoko
77%
Goinfrex
77%
Maganon
77%
Malosse
77%
Noctunoir
77%
Oniglali
77%
Tritosor
77%
Cochignon
73%
Démanta
73%
Hippopotas
73%
Leuphorie
73%
Luminéon
73%
Manzaï
73%
Momartik
73%
Octillery
73%
Papilord
73%
Rapion
73%
Rémoraid
73%
Rhinastoc
73%
Saquedeneu
73%
Tylton
73%
Babimanta
70%
Charkos
70%
Écayon
70%
Téraclope
70%
Vortente
70%
Drascore
67%
Hippodocus
63%
Korillon
63%
Aucun quiz correspondant
Distribution des résultats
% des personnes avec chaque résultat
Percentile par nombre de réponses
Votre historique - résultats
Vous n’avez pas pris ce quiz